000 00752cam a22002534a 4500
001 14326188
005 20180213035005.0
008 060403s2007 maua b 001 0 eng
010 _a 2006925052
020 _a9780312438418 (pbk.)
020 _a0312438419 (pbk.)
040 _aDLC
_cDLC
_dDLC
041 _aeng
042 _apcc
080 _a37 bor
100 1 _a48
101 _aedu
245 1 0 _aFieldWorking :
_cBonnie Stone Sunstein, Elizabeth Chiseri-Strater.
246 3 _aField working
504 _aIncludes bibliographical references (p. 489-497) and index.
906 _a7
_bcbc
_corignew
_d2
_eepcn
_f20
_gy-gencatlg
942 _2ddc
_cBK
999 _c42346
_d42346